| 000 | 00921nam a2200241 u 4500 | ||
|---|---|---|---|
| 005 | 20240221063713.0 | ||
| 008 | 190306s2006 mx 000 0 spa d | ||
| 020 | _a9689076175 | ||
| 035 | _aUPN01000229454 | ||
| 049 | _aLTG | ||
| 050 | 4 |
_aLB2003 A1 _bI5.63 |
|
| 100 | 1 |
_aAramayo Prudencio, Pilar _943116 |
|
| 245 | 1 | 0 |
_aForeign languaje english : _blengua extranjera inglés : study guide / _cPilar Aramayo Prudencio, María Aidee Liliana Armenta Ortiz, Caroline Moore. |
| 260 |
_aMéxico : _bSEP, Comisión Nacional de Libros de Texto Gratuitos _c2006. |
||
| 300 |
_a60 p. : _btablas |
||
| 440 | 0 | _aReforma de la educación secundaria | |
| 650 | 4 |
_aInglés _xPlanes y programas _911185 |
|
| 650 | 4 |
_aEducación secundaria _zMéxico _xPlanes y programas _99976 |
|
| 700 | 1 |
_aArmenta Ortiz, María Aidee Liliana, _ecoaut. _943117 |
|
| 700 | 1 |
_aMoore, Caroline, _ecoaut. _943118 |
|
| 905 | _aLibro | ||
| 999 |
_c201549 _d201549 |
||